Matemática dinamica 2 : segundo curso /
Guardado en:
| Autor Principal: | |
|---|---|
| Formato: | Libro |
| Publicado: |
Buenos Aires :
Kapelusz,
1973
|
| Materias: | |
| Etiquetas: |
Agregar Etiqueta
Sin Etiquetas, Sea el primero en etiquetar este registro!
|
| LEADER | 00834nam a22002295a 4500 | ||
|---|---|---|---|
| 001 | CEM.cems006438 | ||
| 005 | 20060214000000.0 | ||
| 008 | 130507s1973##################000#0#####d | ||
| 003 | CEMS | ||
| 082 | 0 | 4 | |a 510 |
| 100 | 1 | |a Varela, Leopoldo | |
| 245 | 1 | 0 | |a Matemática dinamica 2 : |b segundo curso / |
| 260 | |a Buenos Aires : |b Kapelusz, |c 1973 | ||
| 300 | |a 222 p. | ||
| 505 | 0 | |a l; Paralelogramos; Concurrencia de las bisectrices, mediatrices y alturas de un triangulo; Circunferencia y circulo; Angulos inscriptos y seminscriptos; Médici,ón de angulos; etc. | |
| 653 | |a Angulos inscriptos | ||
| 653 | |a Matematica | ||
| 653 | |a Matematica 2do. año | ||
| 653 | |a Proporciones | ||
| 653 | |a Razon | ||
| 859 | |a CEMS |b BIB. CEMS - 11 de abril |h 510 |i V425/II |p 10003.81 |t Ej.1 | ||
| 859 | |a CEMS |b BIB. CEMS - 11 de abril |h 510 |i V425/II |p 10004.81 |t Ej.2 | ||
